000 00854nam a22002297a 4500
005 20251104101010.0
008 241024b |||||||| |||| 00| 0 eng d
020 _a9789719820437
082 _aDFil 337 C767 2024
245 _aThe contemporary world /
_cEdited by : Frances Antoinette C. Cruz and four others.
260 _aQuezon City :
_bC&E Publishing, Inc.,
_c©2024.
300 _axiii, 355 pages :
_billustrations ;
_c21 cm.
500 _aIncludes index.
650 0 _aGlobalization.
_964218
650 0 _aInternational relations.
_964219
700 _aAdiong, Nassef Manabilang.
_963423
_eeditor.
700 _aCruz, Frances Antoinette C.
_963422
_eeditor.
700 _aGamas, John Harvey D.
_963424
_eeditor.
700 _aCapistrano, Archill Niña Faller.
_963425
_eeditor.
700 _aIsrael, Lorna Q.
_963426
_eeditor.
942 _2ddc
_cDFIL
999 _c22886
_d22886